1281 1431 1313 1937 1840 1705 1833 1334 1362 1340 1614 1969 1457 1499 1456 1154 1442 1351 1475 1433 1795 1300 1904 1094 1429 1421 1641 1772 1136 1078 1358 1328 1819 1556 1969 1608 1127 1390 1544 1297 1920 1016 1108 1658 1058 1836 1968 1216 1845 1079 1762 1575 1596 1920 1449 1112 1935 1929 1918 1287 1321 1391 1287 1075 1380 1944 1843 1030 1484 1579 1166 1302 1821 1144 1817 1713 1554 1427 1711 1973 1657 1232 1435 1939 1212 1853 1208 1480 1385 1767 1056 1339 1584 1452 1267 1386 1342 1425 1881 BCNSPRNW ULIB Ver.6.0+V

เปลี่ยนเป็นภาษาไทย

Change to English
 แสดงรายละเอียดบรรณานุกรม
  กลับหน้าหลัก

Brief Record : Get Marc (ISO 2709) : E-mail record : QR code < ปิดหน้าต่าง
LEADER : 00000nam 2200000uu 4500
001    13399127756
003     ULIB
008    210519s2562||||th 000 0 tha d
020 ^- ^a9786160037919
050 ^- ^aนว.^bก371ค
100 0^ aกนิษฐา ปานเกตุ.
245 10 ^aคุณพ่อสายลับ =My daddy is sitting bull /^cกรรัมภา.
246 11 ^aMy daddy is sitting bull
250 ^- ^aพิมพ์ครั้งแรก.
260 ^- ^aกรุงเทพฯ :^bพิมพ์คำ,^c2562
300 ^- ^a519 หน้า.
490 1^ aชุด Love choices รักลงเอย ;[ลำดับที่ 1]
945    ^p360^l0^i28901
999    ^aกัณชพร จุลอักษร
รายการนี้ยังไม่มีแท็ก
คุณยังไม่ได้ล็อกอิน คุณสามารถมีกิจกรรมร่วมกับเว็บไซต์ได้ แต่ต้องล็อกอินก่อน ::
  ล็อกอิน

รายการสื่อสารสนเทศ

ลำดับที่ ประเภท เลขเรียก/บาร์โค้ด สถานที่ สถานะ
1. วิทยาศาสตร์การแพทย์ และสุขภาพ
วิทยาศาสตร์การแพทย์ และสุขภาพ
นว. ก371ค ฉ.1 
  Barcode: 28901
ห้องสมุดวิทยาเขตนครสวรรค์
►นวนิยาย:l:Fiction
บนชั้น

BibComment


ยังไม่เคยถูกคอมเมนท์

คอมเมนท์ทรัพยากรรายการนี้
  คอมเมนท์: คุณพ่อสายลับ My ..


 Copyright 2026. Bcnsprnw @Library